| 000 | 00456nam a2200193Ia 4500 | ||
|---|---|---|---|
| 001 | 14231 | ||
| 003 | OSt | ||
| 005 | 20251119153120.0 | ||
| 008 | 211022s9999 xx 000 0 und d | ||
| 040 | _cIVS | ||
| 082 | _a750 HUS | ||
| 100 | _aHusain, Marjorie | ||
| 245 | 0 | _aLet There Be Light: Jamil Naqsh Pays Homage to Pablo Picasso | |
| 260 | _aKarachi | ||
| 260 | _bMomart Art Gallery | ||
| 260 | _c2009 | ||
| 300 | _a115 p. : | ||
| 942 |
_cBK _2ddc _n0 |
||
| 999 |
_c9299 _d9299 |
||